000 00650nam a2200253Ia 4500
003 OSt
005 20220918173155.0
006 a|||||r|||| 00| 0
007 ta
008 220917b |||||||| |||| 00| 0 eng d
024 _a5,480
037 _cTextual
040 _aARTS
_cARTS
_beng
041 _2eng
_aeng
082 _a2:8, N4
100 _aMcdonald Andrew
_945192
245 0 _aMoving your library
260 _aLodon
_bAslib
_c1994
300 _a36p
_ccm.
490 _aAslib know how series
650 _aLIBRARIES - ADMINISTRATION
_915600
942 _h2:8, N4
_cTEXL
_2CC
999 _c147509
_d147509